Normal view
MARC view
Entry Personal Name
001 - CONTROL NUMBER
- control field: 43764
003 - CONTROL NUMBER IDENTIFIER
- control field: ARRUPE
005 - DATE AND TIME OF LATEST TRANSACTION
- control field: 20181204104115.0
008 - FIXED-LENGTH DATA ELEMENTS
- fixed length control field: 181204|| aca||aabn | a|a d
040 ## - CATALOGING SOURCE
- Original cataloging agency: ARRUPE
- Transcribing agency: ARRUPE
100 ## - HEADING--PERSONAL NAME
- Personal name: Carver, John.
670 ## - SOURCE DATA FOUND
- Source citation: Work cat.: (ARRUPE)0: Carver, John., Reinventing your board :, c2006.